Enciclopédia bororo / (Registro nro. 2915)

000 -CABECERA
campo de control de longitud fija 00801nam a2200217 4500
005 - FECHA Y HORA DE LA ÚLTIMA TRANSACCIÓN
campo de control 20211122003505.0
008 - DATOS DE LONGITUD FIJA--INFORMACIÓN GENERAL
campo de control de longitud fija 211121s1976 pe |||fr|||| 001 0 spa d
040 ## - FUENTE DE LA CATALOGACIÓN
Centro catalogador/agencia de origen CENDOC CAAAP
Lengua de catalogación spa
Centro/agencia transcriptor CAAAP
041 ## - CÓDIGO DE LENGUA
Código de lengua del texto/banda sonora o título independiente spa
050 ## - SIGNATURA TOPOGRÁFICA DE LA BIBLIOTECA DEL CONGRESO
Número de clasificación PM 5636
Número de documento/Ítem .A34
100 1# - ENTRADA PRINCIPAL--NOMBRE DE PERSONA
9 (RLIN) 4445
Nombre personal Albisetti, César
245 1# - MENCIÓN DE TÍTULO
Título Enciclopédia bororo /
Mención de responsabilidad, etc. César Albisetti y Ángelo Jayme Venturelli
250 ## - MENCIÓN DE EDICIÓN
Mención de edición 1ra ed.
260 ## - PUBLICACIÓN, DISTRIBUCIÓN, ETC.
Lugar de publicación, distribución, etc. Campo Grande, Mato Grosso, Brasil:
Nombre del editor, distribuidor, etc. Instituto de pesquisasetnográficas,
Fecha de publicación, distribución, etc. 1976
300 ## - DESCRIPCIÓN FÍSICA
Extensión 3 tomos
505 ## - NOTA DE CONTENIDO CON FORMATO
Nota de contenido con formato Contiene : Canto para o inicio de cacada á Anta -- Caanto para o inicio de uma pescaira --Canto o inicio d ecacada com fogo.
650 10 - PUNTO DE ACCESO ADICIONAL DE MATERIA--TÉRMINO DE MATERIA
9 (RLIN) 1486
Término de materia o nombre geográfico como elemento de entrada Indígenas bororo
650 20 - PUNTO DE ACCESO ADICIONAL DE MATERIA--TÉRMINO DE MATERIA
9 (RLIN) 270
Término de materia o nombre geográfico como elemento de entrada Etnografía
700 1# - PUNTO DE ACCESO ADICIONAL--NOMBRE DE PERSONA
9 (RLIN) 4446
Nombre de persona Venturelli, Ángelo Jayme
Término indicativo de función/relación autor
942 ## - ELEMENTOS PERSONALIZADOS KOHA
Fuente del sistema de clasificación o colocación
Fecha de catalogación 21- 11 - 21
Tipo de ítem Koha Libros

No hay ítems disponibles.

Centro de Documentación CAAAP | AV. Manuel González Prada 626, Magdalena del Mar | (51-1) 4615223 Anexo 205 y 209 | cendoc@caaap.org.pe